000 00292nam a22001337a 4500
008 180123b xxu||||| |||| 00| 0 eng d
020 _a0465061680
041 _aeng
080 _a941
100 _a16
101 _aHIS
245 _aPR! A social History of SPIN
_cEwen, S
942 _2udc
_cBK
999 _c40736
_d40736